000 00815nam a2200229 a 4500
001 84651
003 BD-RjUL
005 20250209131106.0
008 250209s1993 ii ||||| |||| 00| 0 ben d
035 _a(BD-RjUL)84651
040 _aBD-RjUL
_beng
_cBD-RjUL
041 _aben
082 _223
_a915.4
_bDUB 1993
100 _aদত্ত, গীতা
_914924
245 _aভ্রমন সঙ্গী /
_cগীতা দত্ত এবং মৃণাল দত্ত
260 _aকলিকাতা :
_bএশিয়া সাব কো:,
_c১৯৯৩
300 _a৭৩৬ পৃ.:
_bচিত্রসমূহ;
_c২২ সেমি.
650 _aভ্রমন
_zভারত
_914925
650 _aTravel
_zIndia
_91197
700 _aদত্ত, মৃণাল
_914926
942 _2ddc
_cBK
999 _c84651
_d84651